| 000 | 00992nam a2200241 a 4500 | ||
|---|---|---|---|
| 001 | 38326 | ||
| 003 | BD-RjUL | ||
| 005 | 20211209052755.0 | ||
| 008 | 151104s2002 ii ||||| b||| 00| 0 ben d | ||
| 020 | _a8187360496 | ||
| 035 | _a(BD-RjUL)38431 | ||
| 040 |
_aBD-RjUL _bben _cBD-RjUL |
||
| 041 | _aben | ||
| 082 |
_223 _a738.095414 _bGHP 2002 |
||
| 100 |
_aঘোষ, দীপঙ্কর _9118454 |
||
| 245 |
_aপশ্চিমবঙ্গের মৃৎশিল্প / _cদীপঙ্কর ঘোষ |
||
| 260 |
_aকলকাতা : _bলোকসংস্কৃতি ও আদিবাসী সংস্কৃতি কেন্দ্র, _c২০০২ |
||
| 300 |
_a১৬১ পৃ. : _bচিত্র ; _c২২ সেমি. |
||
| 504 | _aগ্রন্থপঞ্জি সংযুক্ত | ||
| 650 |
_aমৃৎশিল্প _zভারত _zপশ্চিমবঙ্গ _9118455 |
||
| 650 |
_aPottery -- India -- West Bengal. _9118456 |
||
| 942 |
_2ddc _cBK _06 |
||
| 999 |
_c38326 _d38326 |
||